00676nam a2200217 a 450000500170000000800410001701000140005802000260007202000230009803500130012103700150013404000180014908200080016710000210017524501200019626000510031630000290036749000270039665000160042370000190043919900720100950.3891020s1990 nyua b 001 0 eng  aENG-92178 a9780070080539c195.00 a0070080534c195.00 aEN-75711 bDBAD / PUB adplbEnglish  a510 aJha, Pradeep J.  aQuantitative aptitude mathematics:cby Pradeep J. Jha [and] Parag B. Shah bfor CA Common Proficiency Test (CPT) /  aNew Delhi bTata McGraw-Hill Publishing c2009 axii, 280p. c23cm (pbk)  aCA examination series  aMathematics aShah, Parag B.